| 000 | 01890cam a2200349 i 4500 | ||
|---|---|---|---|
| 003 | DO-SdBNP | ||
| 005 | 20240301180540.0 | ||
| 007 | ta | ||
| 008 | 751003s2011 sp 001 0 spa d | ||
| 020 | _a9788420674261 | ||
| 040 |
_aDO-SdBNP _bspa _cBNPHU _erda |
||
| 082 |
_bM392e _222 |
||
| 100 | 1 |
_aMarx, Karl, _d1818-1883 _930439 |
|
| 240 | 1 | 4 |
_aDas kapital. Kritik der politischen oekonomie _lEspañol |
| 245 | 1 | 3 |
_aEl capital. Crítica de la economía política : _bantología / _cKarl Marx, ; selección, introducción y notas César Rendueles ; Manuel Sacristán |
| 264 | 1 |
_aMadrid, España : _bAlianza editorial, _c2010. |
|
| 264 | 3 | _c2016. 5ta. reimpresión | |
| 264 | 3 | _c2017. 6ta. reimpresión | |
| 300 |
_a521 páginas _c18 cm. |
||
| 336 |
_2rdacontent _atexto _btxt |
||
| 337 |
_2rdamedia _asin mediación _bn |
||
| 338 |
_2rdacarrier _avolumen _bnc |
||
| 490 | 1 | _aCiencias sociales | |
| 500 | _aIncluye Índice de conceptos. | ||
| 500 | _aLa biblioteca posee la quinta y sexta reimpresión del 2016-2017. | ||
| 520 | _aPor su colosal ambición, que habría de destinarla a quedar inacabada, por su carácter de obra cumbre de su autor y por la influencia que, de un modo u otro, ha ejercido en la historia del mundo, El capital suele ser una obra más citada que leída, más imaginada que estudiada y, por supuesto, objeto de las más variadas manipulaciones, interpretaciones y descalificaciones. La presente antología selecciona lo fundamental de esta obra clave y anima a acercarse a ella con una perspectiva nueva, desprovista de prejuicios que permita valorar en su justa e importante medida la aportación de Karl Marx al debate económico. | ||
| 590 | _aInventariado, 2023/ YL | ||
| 700 | 1 |
_aSacristán, Manuel _etraducción _942669 |
|
| 700 | 1 |
_aRendueles, César _eselección, introducción y notas _984411 |
|
| 910 | _aYlockward | ||
| 942 |
_2ddc _cLBS1 |
||
| 999 |
_c55108 _d55108 |
||